| 000 | 00000nam##2200000za#4500 |
| 001 | 9.598942 |
| 003 | CaOODSP |
| 005 | 20210624204822 |
| 007 | cr ||||||||||| |
| 008 | 150406|2000||||xxc|||||o f|0| 0 fre|d |
| 040 | |aCaOODSP|bfre |
| 043 | |an-cn--- |
| 086 | 1 |aA22-192/1999F-PDF |
| 110 | 1 |aCanada. |bAgriculture et agroalimentaire Canada. |bDirection générale des politiques. |
| 245 | 10|aCritères de la catégorie verte : |h[ressource électronique]|bune évaluation théorique / |c[Publié par oa] Direction de l'analyse économique et stratégique. |
| 260 | |aOttawa - Ontario : |bAgriculture et Agroalimentaire Canada. |c2000. |
| 300 | |a32p. |
| 490 | 1 |aSérie sur les études de marchés |
| 500 | |aLe n° de catalogue (A22-192/1999F) et l’ISBN (0-662-83769-X) de l'édition imprimée ont été incorrectement copiés dans cette édition électronique. |
| 504 | |aBibliographie. |
| 590 | |a10-07-Supp|b2010-09-08 |
| 775 | 08|tGreen box criteria : |w(CaOODSP)9.567603 |
| 830 | #0|aSérie sur les études de marchés.|w(CaOODSP)9.500835 |
| 856 | 40|ahttp://publications.gc.ca|qPDF|s293 Ko|uhttps://publications.gc.ca/collections/Collection/A22-192-1999F.pdf |